MCSE windows 2000 network administration study guide (0 07 212383 4)
שמור ב:
| מחבר ראשי: | |
|---|---|
| פורמט: | ספר |
| שפה: | Undetermined |
| יצא לאור: |
McGraw-Hill
2000
|
| תגים: |
הוספת תג
אין תגיות, היה/י הראשונ/ה לתייג את הרשומה!
|
| Thư viện lưu trữ: | Trung tâm Học liệu Trường Đại học Cần Thơ |
|---|
| LEADER | 00439nam a2200145Ia 4500 | ||
|---|---|---|---|
| 001 | CTU_49438 | ||
| 008 | 210402s9999 xx 000 0 und d | ||
| 082 | |a 005.3682 | ||
| 082 | |b M619n | ||
| 100 | |a Syngress Media, Inc. | ||
| 245 | 0 | |a MCSE windows 2000 network administration study guide (0 07 212383 4) | |
| 245 | 0 | |c Syngress Media, Inc. | |
| 260 | |b McGraw-Hill | ||
| 260 | |c 2000 | ||
| 980 | |a Trung tâm Học liệu Trường Đại học Cần Thơ | ||